| 000 | 00525nam a2200169Ia 4500 | ||
|---|---|---|---|
| 005 | 20250508151636.0 | ||
| 008 | 008 250505s9999 xx 000 0 eng d | ||
| 037 | _aBooks to be hide in OPAC | ||
| 040 |
_aFEDL _beng _cFEDL |
||
| 041 |
_aeng _2eng |
||
| 084 |
_a621.02, KEN/O _qFEDL |
||
| 100 |
_aSalisbury J Kenneth Ed. _9759654 |
||
| 245 | 0 | _aKent's mechanical engineers' handbook in two volumes | |
| 260 |
_aNew York, USA _bJohn Wiley and Sons |
||
| 942 |
_cHB _h621.02, KEN/O |
||
| 999 |
_c1331093 _d1331093 |
||